Normal view
MARC view
- ديورانت، ول وايريل؛ ترجمة فؤاد اندراوس؛ مراجعة علي ادهم
Entry Personal Name
001 - CONTROL NUMBER
- control field: 60438
003 - CONTROL NUMBER IDENTIFIER
- control field: JO-AjAnu
005 - DATE AND TIME OF LATEST TRANSACTION
- control field: 20230606083859.0
008 - FIXED-LENGTH DATA ELEMENTS
- fixed length control field: 230606|| aca||aabn | a|a d
040 ## - CATALOGING SOURCE
- Original cataloging agency: JO-AjAnu
- Transcribing agency: JO-AjAnu
100 ## - HEADING--PERSONAL NAME
- Personal name: ديورانت، ول وايريل؛ ترجمة فؤاد اندراوس؛ مراجعة علي ادهم
670 ## - SOURCE DATA FOUND
- Source citation: Work cat.: (JO-AjAnu)30821: ديورانت، ول وايريل؛ ترجمة فؤاد اندراوس؛ مراجعة علي ادهم, author, قصة الحضارة: بداية عصر العقل، ج29-30، مجلد7، الجزء الثاني والثالث